[Event "10th Konjic 2021"]
[Site "Konjic"]
[Date "2021.02.26"]
[Round "1.1"]
[White "Burovic, Rijad"]
[Black "Zenelaj, Samuel"]
[Result "1/2-1/2"]
[WhiteElo "2444"]
[BlackElo "2208"]
[Annotator "TA"]
[PlyCount "57"]
[EventDate "2021.02.26"]
[EventType "tourn"]
[EventCountry "BIH"]
[SourceTitle "playchess.com"]
[Source "ChessBase"]
[SourceQuality "1"]

{[%evp 9,57,-32,-7,-13,-21,-79,-74,-108,-76,-73,-75,-89,-50,-48,-30,-47,0,0,0,0,0,-26,0,0,0,0,0,-15,-14,-15,-15,-16,0,0,0,0,0,0,0,0,0,-30,-20,-18,-18,-31,0,0,0,0]} 1. e4 e5 2. f4 exf4 3. Bc4 Nc6 4. d4 Qh4+ 5. Kf1 d6 6. Nf3 {[#] C33: King's Gambit Accepted: 3 Nc3 and 3 Bc4.} Bg4 $1 7. Nc3 (7. Bb5 $11) 7... Bxf3 $17 8. gxf3 {Black is better.} Nf6 9. Nd5 Nxd5 10. Bxd5 Be7 11. c3 {[#]} g5 $146 ({Predecessor:} 11... Nd8 12. Qe2 c6 13. Bb3 Kd7 14. d5 Kc7 15. Rg1 g5 16. Kg2 {½-½ (16) Milde,L (2043)-Woelfelschneider,P (2027) TSC corr 2002}) 12. Qe2 Qh3+ (12... Nd8 {feels hotter.} 13. Bd2 c6 14. Bb3 Ne6 15. h3 Qh6) 13. Qg2 Qxg2+ 14. Kxg2 Bf6 15. b4 Rb8 16. h4 h6 17. hxg5 hxg5 18. Rxh8+ Bxh8 19. Bd2 Ne7 20. Rh1 Bf6 21. Bb3 {Threatens to win with Rh7.} Kf8 22. Rh7 Bg7 23. Rh5 Bf6 24. Rh7 Bg7 25. Be1 (25. Rh5 $5 {[%cal Rh5g5]}) 25... Ng6 26. Rh5 Bf6 27. Rh7 Bg7 28. Rh5 Bf6 29. Rh7 {Weighted Error Value: White=0.11/Black=0.10} 1/2-1/2

[Event "10th Konjic 2021"]
[Site "Konjic"]
[Date "2021.02.26"]
[Round "1.2"]
[White "Mrndjic, Muamer"]
[Black "Muratovic, Efim"]
[Result "1/2-1/2"]
[WhiteElo "2257"]
[BlackElo "2365"]
[Annotator "TA"]
[PlyCount "55"]
[EventDate "2021.02.26"]
[EventType "tourn"]
[EventCountry "BIH"]
[SourceTitle "playchess.com"]
[Source "ChessBase"]
[SourceQuality "1"]

{[%evp 15,55,36,34,38,53,46,54,54,64,49,69,41,83,84,80,96,117,120,116,106,108,112,107,74,112,112,126,123,126,129,133,132,133,118,129,111,114,111,112,95,81,31]} 1. e4 e5 2. Nf3 Nf6 3. Nxe5 d6 4. Nf3 Nxe4 5. d4 Be7 6. Bd3 Nf6 7. O-O O-O 8. h3 $1 {8.h3 scores better than 8.c4.} Nc6 9. c3 {C42: Petroff Defence: 3 Nxe5 and unusual White 3rd moves.} Re8 10. Bf4 Nd5 11. Bg3 {White is slightly better.} Bf6 12. Nbd2 {[#]} Nce7 $146 ({Predecessor:} 12... Be6 13. a3 Nde7 14. Qc2 Ng6 15. Rfe1 Nf8 16. Ne4 Be7 17. Re2 d5 18. Nc5 Bxc5 19. dxc5 {½-½ (50) Sunilduth Lyna,N (2618)-Lenderman,A (2634) chess24.com INT 2020}) 13. Ne4 Ng6 14. Re1 Be6 15. Qd2 h6 16. Re2 Be7 17. Rae1 Nf8 18. c4 Nf6 19. d5 Bd7 20. Nc3 Nh5 21. Bh2 Bg5 22. Rxe8 Bxe8 23. Nxg5 Qxg5 24. Qxg5 hxg5 {White is better.} 25. c5 Nf4 26. Bxf4 gxf4 27. cxd6 cxd6 28. Bb5 {Weighted Error Value: White=0.07/Black=0.10} 1/2-1/2

[Event "10th Konjic 2021"]
[Site "Konjic"]
[Date "2021.02.26"]
[Round "1.3"]
[White "Ristic, Nenad"]
[Black "Stocko, Josip"]
[Result "0-1"]
[WhiteElo "2330"]
[BlackElo "2230"]
[Annotator "TA"]
[PlyCount "112"]
[EventDate "2021.02.26"]
[EventType "tourn"]
[EventCountry "BIH"]
[SourceTitle "playchess.com"]
[Source "ChessBase"]
[SourceQuality "1"]

{[%evp 15,112,0,7,-29,-31,-23,-2,-16,-7,-25,-12,-42,-10,-4,20,0,15,-104,-80,-124,-119,-197,-197,-244,-257,-456,-465,-470,-470,-470,-448,-446,0,0,0,0,0,0,0,0,0,0,0,0,0,0,0,-261,0,0,0,-93,0,0,0,-251,-251,-245,-240,-252,-199,-219,-195,-198,-195,-478,-469,-429,-403,-1643,-1690,-1610,-1250,-29989,-29990,-29990,-1668,-872,-392,-126,-116,-118,0,0,0,0,148,42,133,144,93,0,0,0,0,-29982,-29983,-29982,-706]} 1. e4 c5 2. Nf3 d6 3. d4 cxd4 4. Nxd4 Nf6 5. Nc3 a6 6. Bc4 e6 7. Bb3 Nbd7 8. Bg5 {8.0-0 gains popularity.} Nc5 9. f4 {B86: Sicilian Scheveningen/Najdorf: 6 Bc4, without early ...b5.} Be7 10. Qf3 h6 11. Bxf6 {The position is equal.} Bxf6 12. O-O-O Qc7 13. Rhe1 Bd7 14. Kb1 {[#]} Rb8 $146 ({Predecessor:} 14... Nxb3 15. axb3 O-O 16. Qg3 Bc6 17. Rd3 Rad8 18. Nd1 Bxd4 19. Rxd4 e5 20. fxe5 dxe5 {½-½ (34) Pitl,G (2392)-Wolf,A (2224) Bayern 2014}) 15. g4 b5 {[#]} 16. Qg2 (16. Nf5 $1 $11 {remains equal.} exf5 17. Nd5) 16... a5 17. e5 dxe5 18. g5 hxg5 $1 $19 ({And not} 18... exd4 19. Nd5 $11) 19. fxg5 Be7 ({But not} 19... exd4 20. Nd5 $17) 20. Nf5 (20. Qg3 {might work better.} b4 21. Nd5 exd5 22. Rxe5) 20... exf5 21. Nd5 Qb7 22. Rxe5 Be6 23. g6 Nxb3 $2 (23... Bd6 $19 24. gxf7+ Kf8) 24. gxf7+ $11 Kxf7 25. Rxe6 $1 Kxe6 26. Nf4+ Kf7 27. Qg6+ {[%mdl 64] Double Attack} Kg8 28. Qe6+ {[%mdl 64] Double Attack} Kh7 29. Qxf5+ Kg8 30. Qe6+ {[%mdl 64] Double Attack} Kh7 31. Qh3+ $2 {[%mdl 8192] [#]} (31. Qf5+ $11 Kg8 32. Qe6+ {[%mdl 64] Double Attack} Kh7 33. Qf5+) 31... Kg8 $2 (31... Bh4 $1 $19 32. axb3 Kg8) 32. Qxb3+ Kh7 33. Qh3+ {[#]} (33. Qd3+ $1 $11 {was the only way to keep the balance.} Kg8 34. Qb3+ Kh7 35. Qd3+ Kg8 36. Qb3+) 33... Kg8 (33... Bh4 $1 $17 {White must now prevent ...Kg8.} 34. Qxh4+ Kg8) 34. Qe6+ Kh7 {aiming for ...Rhf8.} 35. Rd5 $2 {[%mdl 8192] [#]} (35. Qf5+ $11 {and White has nothing to worry.} Kg8 36. Qe6+ Kh7 37. Qf5+ Kg8 38. Qe6+) 35... Bg5 $1 $19 {[%cal Rg5f4]} 36. Qg6+ (36. Qh3+ Kg8) 36... Kg8 37. Qxg5 Rxh2 $40 {[%mdl 128] ( -> ...Rh1+). Black is out for blood.} 38. b3 Qf7 39. Rf5 Qc7 40. Ng2 $2 (40. Rc5 Qd6 41. Rd5) 40... Rc8 41. Qd2 {If only White now had time for Qd5+....} Qc6 42. Rd5 (42. Rf2 $142) 42... Rh1+ 43. Kb2 Qf6+ 44. Ka3 b4+ 45. Ka4 Qc6+ (45... Ra1 $142 46. Rd6 {[#]} Rc5 $1 47. Rd8+ Kh7 48. Qd3+ Qf5 49. Rh8+ {[%mdl 64] Decoy} Kxh8 50. Qd8+ Kh7 51. Qh4+ Kg6 52. Nf4+ Qxf4 $3 {[%mdl 512]} 53. Qh5+ Rxh5 54. c4 Rxa2#) 46. Kxa5 Ra8+ $2 (46... Qc7+ $19 {and Black stays clearly on top.} 47. Kxb4 Qe7+ 48. Ka4 Ra1) 47. Kxb4 $17 Qb6+ ({Reject} 47... Rxa2 $6 48. Rd8+ Kh7 49. Qd3+ g6 50. Rd7+ Kg8 51. Qd4 $11) 48. Rb5 Qc6 (48... Qa7 $17 {And now ...Qe7+ would win.} 49. Qd5+ Kh8) 49. Ne3 Rh4+ 50. c4 {Strongly threatening Nf5.} Kh8 (50... Qe8 $11 51. Qd6 Rh6 52. Qd5+ Kh8) 51. a4 ({White should play} 51. Nf5 $16 Rh3 52. Qd4) 51... Qe6 (51... Qf6 $14) 52. Nf5 $16 Rh3 (52... Rh5 $142) 53. Qg2 (53. Qb2 $16 {[%csl Gf5][%cal Rb2g7]} Qe1+ 54. Ka3) 53... Qe1+ $11 54. Ka3 {[%csl Gf5][%cal Rg2g7]} Qa1+ 55. Qa2 $2 {[%mdl 8192] [#]} (55. Kb4 $11 Qc3+ 56. Ka3 Qa1+ 57. Kb4 Qc3+ 58. Ka3 Qc1+ 59. Kb4 Qe1+ 60. Ka3 Qa1+) 55... Rxa4+ $1 {[%mdl 576] Deflection} 56. Kxa4 Qxa2+ {Weighted Error Value: White=0.88/Black=0.66} 0-1

[Event "10th Konjic 2021"]
[Site "Konjic"]
[Date "2021.02.26"]
[Round "1.4"]
[White "Dumpor, Atif"]
[Black "Isik, Alparslan"]
[Result "0-1"]
[WhiteElo "2268"]
[BlackElo "2321"]
[Annotator "TA"]
[PlyCount "158"]
[EventDate "2021.02.26"]
[EventType "tourn"]
[EventCountry "BIH"]
[SourceTitle "playchess.com"]
[Source "ChessBase"]
[SourceQuality "1"]

{[%evp 17,158,0,16,0,4,0,0,0,-18,-20,0,0,0,0,0,0,0,0,0,-25,0,-2,0,0,0,0,0,-10,-18,-16,-8,-13,-19,-64,-6,-37,124,-79,-49,-49,-52,-52,-33,-51,-54,-54,-54,-56,-47,-56,-56,-56,-56,-56,-56,-57,-56,-100,-97,-95,-55,-59,-39,-41,-39,-35,-35,-39,-40,-51,-44,-52,-49,-51,-42,-67,-43,-42,0,-1,0,-45,5052,-8,-8,-8,-5,-5,0,0,0,-12,-12,-29,-30,-45,-2,-3,-6,-13,-13,-25,-20,-36,-36,-36,-36,-36,-36,-68,-66,-70,-38,-38,-24,-60,-60,-77,-77,-77,-77,-77,-74,-100,-76,-80,-85,-150,-153,-152,-83,-83,-83,-417,-205,-236,-236,-29984,-29985,-29986,-29987,-29987,-29988]} 1. e4 c5 2. Nc3 Nc6 3. g3 g6 4. Bg2 Bg7 5. Nf3 d6 6. O-O e5 7. d3 Nge7 8. Nh4 O-O 9. f4 f5 10. exf5 {B25: Closed Sicilian: 3 g3, lines without early Be3.} Nxf5 11. Nxf5 Bxf5 12. Nd5 {The position is equal.} Qd7 13. c3 $1 {[#]} Kh8 $146 ({Predecessor:} 13... Rae8 14. Ne3 Be6 15. Nd5 Bg4 16. Qb3 Kh8 17. Ne3 Be2 18. fxe5 Bxf1 19. Nxf1 Nxe5 {0-1 (31) Rodes Apilluelo,J (1976)-Sacristan Latorre,A (2055) Aragon 2018}) 14. Be3 b5 15. a4 b4 16. cxb4 cxb4 17. Rc1 Rac8 18. Qd2 (18. b3 {is interesting.} Ne7 19. Nxb4 Rxc1 20. Qxc1 Rc8 21. Qd2) 18... exf4 19. Bxf4 Nd4 20. Rxc8 (20. Nxb4 $2 Rxc1 21. Rxc1 Nb3 $19) 20... Rxc8 21. Qxb4 Bxd3 {aiming for ...Ne2+.} 22. Rd1 Ne2+ 23. Kh1 Bc2 24. Re1 Nxf4 25. Qxf4 Be5 (25... Re8 $15 26. Rc1 Qxa4) 26. Qh4 Bxa4 $2 {[#]} (26... Qxa4 $15 {stays ahead.} 27. b4 Rf8) 27. Bh3 $2 (27. Ne7 $1 $16 {[%cal Re7c8] is forced if you want to stay better.} Bb3 28. Nxg6+ {[%mdl 64] Double Attack} (28. Nxc8 Qxc8 29. Qb4 Bg8 $16) 28... Kg7 29. Nxe5 dxe5 30. h3) 27... Qf7 28. Qxa4 (28. Bxc8 $2 {too greedy.} Qxd5+ 29. Qe4 Qxe4+ 30. Rxe4 Bc6 $19) 28... Qxd5+ 29. Bg2 $1 {[%cal Rg2d5]} Qc5 (29... Qd4 {feels hotter.} 30. Qd7 Rf8 31. Qe7 Kg8 32. Qb7 h5) 30. b3 Rf8 31. Qd7 Qc3 32. Rb1 Qc2 33. Re1 Qd2 34. Rb1 a5 35. Qe6 Rf2 36. Qe8+ Kg7 37. Qe7+ Rf7 38. Qe6 Rc7 39. Rf1 Qd3 40. Qe8 {[%csl Gf1][%cal Re8f8]} Bf6 41. Qe6 Qd4 42. Bd5 Qe5 43. Qg8+ Kh6 44. Qf8+ Bg7 45. Qf3 Rc2 46. Rd1 Re2 47. Bc4 Re4 48. Kg2 Re3 49. Qf4+ (49. Qg4 {with more complications.} Bf6 50. Rd5 Qe7 51. Qf4+ Kg7 52. Rxd6 g5 53. Qf2) 49... g5 $2 {[%mdl 8192]} (49... Qxf4 $15 50. gxf4 Rc3) 50. Qxe5 $2 (50. Rxd6+ $18 Qe6 51. Rxe6+ (51. Bxe6 gxf4 52. gxf4 Kg6 $16) 51... Rxe6 52. Qf5 {[%mdl 64] Double Attack}) 50... Bxe5 $18 {[%mdl 4096] Endgame KRB-KRB} 51. Rd5 Rc3 {Hoping for ...a4!} 52. Rxa5 Rc2+ 53. Kh3 Rd2 54. Rd5 Rf2 {...Kh5 is the strong threat.} 55. Kg4 Rxh2 56. Rd1 Kg7 (56... Kg6 $5 {[%cal Rh7h5]} 57. Bd3+ Kf6 58. Rf1+ Ke6 $15) 57. Kxg5 Bxg3 58. Ra1 h6+ 59. Kf5 Rh5+ 60. Kg4 Rg5+ 61. Kf3 h5 62. Ra8 {Strongly threatening Rg8+.} Kf6 63. Re8 h4 64. Re6+ Kf5 {Threatens to win with ...h3.} 65. Re4 $1 Rg7 66. Be6+ Kf6 67. Bh3 Rb7 68. b4 d5 69. Rg4 Rc7 70. Bf1 Rc3+ 71. Ke2 Rc1 {And now ...Re1+ would win.} 72. Bg2 (72. Bh3 $142) 72... Rc2+ $17 73. Kf1 Rd2 (73... Rf2+ $142 74. Kg1 Rd2) 74. b5 d4 {White must now prevent ...d3.} 75. Kg1 $2 {[%mdl 8192]} (75. b6 $17) 75... d3 (75... Rd1+ $142 76. Bf1 Kf5) 76. Bf1 Rd1 77. Rd4 $2 {[#]} (77. Kg2 $19 Ke5 78. Rg8) 77... h3 $1 {Black mates.} 78. Rxd3 h2+ 79. Kg2 {[#]} Rxf1 $1 {[%mdl 512] Never resign too early!  Weighted Error Value: White=0.25/Black=0.16} 0-1

[Event "10th Konjic 2021"]
[Site "Konjic"]
[Date "2021.02.26"]
[Round "1.5"]
[White "Kamer, Kayra"]
[Black "Runic, Zoran"]
[Result "1-0"]
[WhiteElo "2339"]
[BlackElo "2378"]
[Annotator "TA"]
[PlyCount "117"]
[EventDate "2021.02.26"]
[EventType "tourn"]
[EventCountry "BIH"]
[SourceTitle "playchess.com"]
[Source "ChessBase"]
[SourceQuality "1"]

{[%evp 9,117,-31,52,47,59,-20,-17,-13,-6,-19,-16,-65,40,2,39,16,44,43,44,39,86,86,99,95,84,54,43,46,120,128,125,125,134,132,131,116,130,119,119,129,150,150,133,141,189,177,167,99,91,50,58,68,67,77,77,77,77,77,83,77,77,77,108,100,129,129,129,124,129,129,135,128,131,135,135,135,251,192,390,343,283,258,593,637,1215,1161,1150,1133,944,689,1653,1225,1773,1279,1527,1255,1560,0,1778,1078,1719,1630,6070,6060,5587,5065,3246,2837,29978,29979]} 1. e4 d6 2. d4 Nf6 3. Nc3 e5 4. Nf3 Nbd7 5. g4 g6 ({Black should play} 5... Nxg4 $15 6. Rg1 exd4 7. Nxd4 Ngf6) 6. Rg1 {C41: Philidor Defence.} c6 {[#]} 7. Bc4 $146 (7. g5 $14 Nh5 8. Be3) ({Predecessor:} 7. Be3 b5 8. g5 b4 9. gxf6 bxc3 10. bxc3 Qxf6 11. Bh3 h6 12. Qe2 Nb6 13. Bxc8 Rxc8 {1-0 (41) Mamedov,R (2654)-Guliyev,N (2538) Europe Echecs INT 2021}) 7... Bg7 8. dxe5 {The position is equal.} dxe5 9. Qd6 Bf8 10. Qd3 {Strongly threatening Ng5.} Qe7 (10... b5 $1 $15 11. Bb3 Qc7) 11. Ng5 $36 {[%mdl 2048] White has some pressure.} (11. Be3 $5 {[%cal Rf3g5]}) 11... Nc5 12. Qg3 Ne6 13. Bxe6 Bxe6 14. Qxe5 Bc8 15. Bf4 h6 16. Nf3 g5 17. Qxe7+ (17. Be3 {is more complex.} Qxe5 18. Nxe5 Nd7 19. Nf3 Bg7 20. O-O-O) 17... Bxe7 18. Be5 Rg8 ({Black should try} 18... h5 $14) 19. h3 $16 h5 {[%cal Rh5g4]} 20. Bxf6 Bxf6 21. e5 Be7 22. O-O-O hxg4 23. hxg4 Be6 24. Nd4 O-O-O 25. Nxe6 fxe6 26. Rh1 Rxd1+ 27. Kxd1 {[%mdl 4096] Endgame KRB-KRN} Bc5 28. Rh6 (28. Ne4 $18 Bd4 29. c3 Bxe5 30. Rh6) 28... Bxf2 29. Rxe6 (29. Ne4 {seems wilder.} Rd8+ 30. Nd6+ Kc7 31. Ke2 Bc5 32. Nf7) 29... Bd4 30. Ke2 Bxc3 31. bxc3 $14 {KR-KR} Kd7 32. Rd6+ Ke7 33. Ke3 Rh8 34. Rg6 $1 Rh2 {[#]} 35. Kd3 $1 Rh3+ 36. Kc4 Rg3 37. Rxg5 Ke6 38. Kd4 c5+ {[#]} 39. Kc4 $1 a6 40. Kxc5 {Kd4 is the strong threat.} Rxc3+ 41. Kd4 Rxc2 42. Rg6+ Kd7 (42... Kf7 $16 43. Rf6+ Ke8) 43. a3 Ra2 $2 (43... a5 {was called for.} 44. Rg7+ Ke6) 44. Kd5 $18 Rd2+ 45. Ke4 Ra2 $2 (45... Rg2 {is more resistant.} 46. g5 Re2+ 47. Kf5 Rf2+ 48. Kg4 Rg2+ 49. Kf4 Rf2+ 50. Ke3 Rg2) 46. Rb6 Re2+ 47. Kf5 Rf2+ 48. Kg6 Kc7 49. Rb4 b5 50. Rd4 Re2 51. Kf6 Rf2+ 52. Ke6 Rg2 53. Kf6 Rf2+ 54. Ke7 a5 55. e6 Rf3 56. g5 Rg3 57. Kf6 Rf3+ 58. Ke5 Rxa3 59. g6 {Weighted Error Value: White=0.25/Black=0.53} 1-0

[Event "10th Konjic 2021"]
[Site "Konjic"]
[Date "2021.02.27"]
[Round "2.1"]
[White "Zenelaj, Samuel"]
[Black "Runic, Zoran"]
[Result "1/2-1/2"]
[WhiteElo "2208"]
[BlackElo "2378"]
[Annotator "TA"]
[PlyCount "50"]
[EventDate "2021.02.26"]
[EventType "tourn"]
[EventCountry "BIH"]
[SourceTitle "playchess.com"]
[Source "ChessBase"]
[SourceQuality "1"]

{[%evp 15,50,0,37,16,32,0,-4,0,0,-14,-14,-35,-28,-28,-31,-34,-35,-38,-42,-38,-35,-42,-46,-61,-22,-33,-45,-69,-88,-85,-14,-77,-38,-36,-13,-19,11]} 1. e4 c5 2. Nf3 Nf6 3. e5 Nd5 4. c3 Nc6 5. d4 cxd4 6. cxd4 d6 7. Bc4 Nb6 8. Bb5 d5 9. a3 {B22: Sicilian: 2 c3.} Bg4 {[#]} 10. Nbd2 $146 ({Predecessor:} 10. Be3 Rc8 11. Nc3 e6 12. O-O Be7 13. h3 Bh5 14. Kh1 O-O 15. Ne2 a6 16. Bd3 Bg6 {0-1 (28) Besenji,I-Skrkar,N Neum 2002}) 10... e6 11. O-O Rc8 12. h3 Bh5 13. b4 Be7 14. Bb2 a6 15. Be2 O-O 16. Rc1 Qd7 17. Nb3 Nc4 18. Bxc4 dxc4 19. Rxc4 Bxf3 (19... Nxe5 $5 20. Nxe5 Bxd1 21. Nxd7 Bxb3 $17) 20. gxf3 Qd5 21. Rc1 b6 22. Rc3 Rfd8 (22... Bg5 $17) 23. Qe2 (23. Qc2 $11) 23... a5 24. bxa5 Nxa5 {[#] White must now prevent ...Rxc3.} 25. Nxa5 Qxa5 {Weighted Error Value: White=0.16/Black=0.15} 1/2-1/2

[Event "10th Konjic 2021"]
[Site "Konjic"]
[Date "2021.02.27"]
[Round "2.2"]
[White "Isik, Alparslan"]
[Black "Kamer, Kayra"]
[Result "1/2-1/2"]
[WhiteElo "2321"]
[BlackElo "2339"]
[Annotator "TA"]
[PlyCount "30"]
[EventDate "2021.02.26"]
[EventType "tourn"]
[EventCountry "BIH"]
[SourceTitle "playchess.com"]
[Source "ChessBase"]
[SourceQuality "1"]

{[%evp 29,30,-7,25]} 1. d4 {Fernandez,D} Nf6 2. Nf3 e6 3. c4 d5 4. g3 Be7 5. Bg2 O-O 6. O-O dxc4 7. Qc2 a6 8. Qxc4 b5 9. Qc2 Bb7 10. Bd2 Be4 11. Qc1 Bb7 {[#]} 12. Qc2 $146 ({Predecessor:} 12. Rd1 Qc8 13. Ba5 c5 14. dxc5 Bxc5 15. Nbd2 Nbd7 16. Nb3 Ba7 17. Qf4 Nb6 18. Bxb6 Bxb6 19. Rac1 Qe8 20. Ne5 Bxg2 21. Kxg2 Rd8 22. Rxd8 Qxd8 {½-½ (75) Ding,L (2813)-Radjabov,T (2757) Wijk aan Zee 2019 CBM 188 [Fernandez,D]}) 12... Be4 13. Qc1 Bb7 14. Qc2 {seems to push 14.Bf4 aside.} Be4 15. Qc1 Bb7 1/2-1/2

[Event "10th Konjic 2021"]
[Site "Konjic"]
[Date "2021.02.27"]
[Round "2.3"]
[White "Stocko, Josip"]
[Black "Dumpor, Atif"]
[Result "1/2-1/2"]
[WhiteElo "2230"]
[BlackElo "2268"]
[Annotator "TA"]
[PlyCount "138"]
[EventDate "2021.02.26"]
[EventType "tourn"]
[EventCountry "BIH"]
[SourceTitle "playchess.com"]
[Source "ChessBase"]
[SourceQuality "1"]

{[%evp 13,138,25,35,25,29,20,30,15,59,31,51,61,81,87,108,105,109,96,134,137,139,140,141,140,144,128,118,58,179,197,179,171,210,211,202,189,334,331,318,327,319,250,248,213,248,233,241,226,222,228,229,220,293,282,287,293,288,270,326,298,372,368,475,469,463,432,478,477,604,597,620,610,581,602,576,564,571,507,462,477,503,493,454,452,966,910,12835,6019,2166,264,252,0,1709,1632,1026,0,0,0,0,0,0,0,0,0,0,0,0,0,0,0,0,0,0,0,0,0,0,0,0,0,0,0,0,0,0,0,0]} 1. e4 e5 2. Nf3 Nc6 3. Bc4 Be7 4. O-O Nf6 5. d3 O-O 6. Re1 d6 7. a4 Be6 8. Na3 {C55: Two Knights: 4 d3, 4 d4 exd4 5 e5 and Max Lange Attack.} Qd7 9. c3 a6 10. b4 {[%cal Bb2b4,Bb4b5][%mdl 32] White has an edge.} Rad8 {[#]} 11. h3 $146 ({Predecessor:} 11. b5 Na5 12. Bxe6 fxe6 13. c4 b6 14. Be3 Ra8 15. Nc2 Nb3 16. Rb1 Nc5 17. Nb4 axb5 18. axb5 {1-0 (29) Amin,B (2654)-Dzhumaev,M (2465) Sharjah 2016}) 11... Qc8 12. Bxe6 fxe6 13. Nc4 Nd7 14. b5 Ncb8 15. Rb1 Rf7 16. d4 exd4 17. cxd4 axb5 18. axb5 Nf8 19. Be3 Nbd7 20. d5 (20. b6 $16) 20... Nc5 (20... b6 $14) 21. Bxc5 $18 dxc5 22. Nce5 Rf6 23. Ng4 $1 Rg6 {[#]} 24. Nfe5 $1 Rg5 (24... exd5 $142 25. Nxg6 Nxg6 26. exd5 Qf5) 25. Qf3 Rxe5 26. Nxe5 {Qf7+ is the strong threat.} Bf6 27. Ng4 Bd4 28. Ne3 Ng6 29. Qg4 exd5 30. Qxc8 ({Much less strong is} 30. Nxd5 $6 Qxg4 31. hxg4 Rf8) 30... Rxc8 31. Nxd5 Rf8 32. Re2 c6 33. bxc6 bxc6 34. Ne3 Nf4 35. Rd2 g6 36. Rb7 h5 37. h4 Ra8 38. g3 Ne6 39. Kg2 Kf8 40. Nc2 Be5 41. f4 Bd4 42. f5 gxf5 43. exf5 Nd8 44. Rd7 Bf6 45. Ne3 Nf7 46. Nc4 Bd4 47. Nd6 Ne5 48. Rh7 Ra1 {[#]} (48... Ng4 $142 49. Re2 Kg8) 49. Rxd4 $1 {[%mdl 512] Intending f6 and mate.} cxd4 {[%mdl 4096] Endgame [#] KRN-KRN} (49... Kg8 50. Re4) 50. f6 $1 {[%cal Rh7h8]} Ra2+ 51. Kf1 $2 (51. Kh3 {[%cal Rh7h8]} Ng6 52. Rf7+ Kg8 53. Rg7+ {[%mdl 64] Double Attack} Kf8 54. Rxg6) 51... Ra1+ 52. Kg2 $2 (52. Kf2 Kg8 53. f7+ (53. Rxh5 Ng4+ 54. Ke2 Nxf6 $14) 53... Nxf7 54. Rxf7) 52... Ra2+ 53. Kh3 {[%cal Rh7h8]} Kg8 54. Rxh5 $2 (54. Rg7+ $18 Kh8 55. Rg5 {[%mdl 64] Double Attack}) 54... Nf7 $1 $11 {[%cal Rf7d6] The position is equal.} 55. Ne4 (55. Nc8 {is more complex.} d3 56. Ne7+ Kf8 57. Nxc6 d2 58. Rd5) 55... d3 56. Rc5 Rc2 (56... Re2 {looks sharper.} 57. Rc4 d2 58. Nxd2 Rxd2 59. Rxc6 Ne5) 57. Ra5 {And now Ra8+ would win.} d2 $1 {[%cal Rd2d1]} 58. Ra8+ (58. Ra1 {seems wilder.} c5 59. h5 c4 60. g4 c3 61. g5) 58... Kh7 59. Nxd2 Rxd2 {KRN-KR} 60. g4 Kg6 61. g5 Rd8 62. Ra6 c5 63. Rc6 Rd3+ 64. Kg2 Rc3 65. Rc7 Rc2+ 66. Kg3 Rc3+ 67. Kf4 {aiming for h5+!} Rc4+ 68. Kg3 Rc3+ 69. Kf4 {Hoping for h5+!} Rc4+ {Black defended with fortune.  Weighted Error Value: White=0.36/Black=0.24} 1/2-1/2

[Event "10th Konjic 2021"]
[Site "Konjic"]
[Date "2021.02.27"]
[Round "2.4"]
[White "Muratovic, Efim"]
[Black "Ristic, Nenad"]
[Result "1-0"]
[WhiteElo "2365"]
[BlackElo "2330"]
[Annotator "TA"]
[PlyCount "99"]
[EventDate "2021.02.26"]
[EventType "tourn"]
[EventCountry "BIH"]
[SourceTitle "playchess.com"]
[Source "ChessBase"]
[SourceQuality "1"]

{[%evp 25,99,25,31,0,0,0,0,0,0,0,0,0,30,20,16,16,18,12,24,0,97,93,261,261,246,204,218,226,218,210,195,172,275,274,287,287,287,287,447,433,549,546,534,517,435,215,215,202,277,226,230,198,391,387,370,357,622,614,614,382,614,614,602,522,856,792,725,692,3445,2373,29976,29977,29975,29976,29990,29991]} 1. d4 Nf6 2. c4 g6 3. Nc3 d5 4. cxd5 Nxd5 5. e4 Nxc3 6. bxc3 Bg7 7. Bb5+ c6 8. Bc4 O-O 9. Ne2 c5 10. Be3 Nc6 11. O-O Bg4 12. f3 Bd7 13. Rb1 {The old main line.} Qc7 14. Nf4 {D87: Exchange Grünfeld: Classical Line: Variations without ...cxd4.} cxd4 15. cxd4 Bxd4 16. Bxd4 {The position is equal.} Qxf4 17. Ba1 Rad8 {[#]} 18. Qb3 $146 (18. Rxb7 $2 Bc8 $17) ({Predecessor:} 18. Qe1 b6 19. Qc3 e5 20. Rbd1 Qf6 21. f4 Qe7 22. Rf2 Bg4 23. Rc1 Nd4 24. fxe5 Be6 25. Ba6 {½-½ (56) De la Calle,I (2108)-Kuosa,N (2094) ICCF email 2007}) 18... Bc8 19. Bd5 e5 20. g3 Qf6 21. f4 Qe7 22. fxe5 Nxe5 (22... Be6 $11) 23. Qc3 $36 {[%mdl 2048] Black is under strong pressure.} Rxd5 {[#] A mistake that costs the game.} 24. exd5 $18 f6 25. Qe3 Bh3 26. Rf2 Rd8 27. Bxe5 ({Weaker is} 27. Qxa7 Ng4 $14) 27... fxe5 28. Rd2 ({But not} 28. Qxa7 $6 Rxd5 29. Qb6 Rd7) 28... b6 (28... Rf8 $142 29. d6 (29. Qxa7 Qb4 30. Rdd1 Qe4 31. Qf2 Rxf2 32. Kxf2 Qc2+ 33. Ke3 Bg4 34. Rd2 Qxb1 35. a3 Qe1+ 36. Kd3 Bf5+ 37. Kc3 Qc1+ 38. Kb4 Qxd2+ 39. Kc5 e4 40. g4 Bxg4 41. h3 e3 42. hxg4 e2 43. Kb6 e1=Q 44. Kc7 Qxd5 45. g5 Qg3+ {[%mdl 64] Double Attack} 46. Kc8 Qc6+ 47. Kd8 Qxg5#) 29... Qf6) 29. Re1 Qb4 30. a3 Qa5 31. d6 e4 (31... Rd7 {was called for.} 32. Red1 Qb5) 32. Qd4 Qxa3 33. Qd5+ Kg7 34. Qxe4 {[#] Qe7+ would kill now.} Qc5+ 35. Qd4+ (35. Kh1 $142 {Black must now prevent Qe7+.} Rd7 36. g4) 35... Qxd4+ 36. Rxd4 {[%mdl 4096] Endgame KRR-KRB} Rd7 37. Kf2 h5 38. Kf3 Kf6 $2 (38... Bf5 39. Kf4 Kf6) 39. Ke4 Bg2+ 40. Kd3 b5 $2 (40... g5 41. h4 gxh4 42. gxh4 Bc6 43. Rf4+ Kg7 44. Rg1+ Kh7) 41. Rf4+ Kg5 42. h4+ Kh6 43. Rf6 Kg7 44. Rfe6 Kh6 45. Kd4 Bh3 46. Kd5 Bg2+ 47. Kc5 b4 48. Re7 {White mates.} Rd8 49. Re8 Rd7 50. R1e7 {[%cal Re8h8] Weighted Error Value: White=0.17/Black=0.62} 1-0